ٹوٹا ہوا سہا را / (Record no. 37371)

MARC details
000 -LEADER
fixed length control field 02326nam a22003377a 4500
005 - DATE AND TIME OF LATEST TRANSACTION
control field 20100723122349.0
008 - FIXED-LENGTH DATA ELEMENTS--GENERAL INFORMATION
fixed length control field 100412t xxu||||| |||| 00| 0 ur d
020 ## - INTERNATIONAL STANDARD BOOK NUMBER
Terms of availability 150.00
International Standard Book Number 9788182236196
035 ## - SYSTEM CONTROL NUMBER
System control number B-395166-172
037 ## - SOURCE OF ACQUISITION
Source of stock number/acquisition Educational Publishing House
040 ## - CATALOGING SOURCE
Original cataloging agency dpl
Language of cataloging ur
082 ## - DEWEY DECIMAL CLASSIFICATION NUMBER
Classification number ک
100 ## - MAIN ENTRY--PERSONAL NAME
Personal name عبيد اللہ چودھری
9 (RLIN) 616
245 ## - TITLE STATEMENT
Title ٹوٹا ہوا سہا را /
Statement of responsibility, etc عبيداللہ چودھری
Remainder of title
246 ## - VARYING FORM OF TITLE
Title proper/short title Muft Mashwara /
Remainder of title by Obaid-ullah Chaudhry
260 ## - PUBLICATION, DISTRIBUTION, ETC. (IMPRINT)
Place of publication, distribution, etc دلّی
Name of publisher, distributor, etc ايجو کيشنل پبلشنگ ہاؤس
Date of publication, distribution, etc 2010
270 ## - ADDRESS
Address 3108,VakilStreet, Kucha Pandit, Lal Kuan
City Delhi
Postal code 110006
Telephone number 23216162, 23214465
Electronic mail address info@ephbooks.com,ephdelhi@yahoo.com
Fax number 0091-11-23211540
300 ## - PHYSICAL DESCRIPTION
Extent 134ص
Other physical details 22 س م (Hb)
500 ## - GENERAL NOTE
General note
600 ## - SUBJECT ADDED ENTRY--PERSONAL NAME
Personal name کہبنی
9 (RLIN) 966
600 ## - SUBJECT ADDED ENTRY--PERSONAL NAME
Personal name Story
9 (RLIN) 967
942 ## - ADDED ENTRY ELEMENTS (KOHA)
Source of classification or shelving scheme Dewey Decimal Classification
Item type Urdu Bks
Classification part ک
Call number suffix ع ب ے
Holdings
Withdrawn status Lost status Source of classification or shelving scheme Damaged status Not for loan Collection code Home library Current library Date acquired Source of acquisition Cost, normal purchase price Total Checkouts Total Renewals Full call number Barcode Date last seen Copy number Cost, replacement price Koha item type
    Dewey Decimal Classification     Fiction Central Library Central Library 23/07/2010 EPH /3406 / 31.03.10 / 4:5 / 25.03.10 / 31.03.10 150.00 1 2 ک ع ب ے B-395166 08/06/2021 1 150.00 Urdu Bks
    Dewey Decimal Classification     Fiction Janak Puri Janak Puri 23/07/2010 EPH /3406 / 31.03.10 / 4:5 / 25.03.10 / 31.03.10 150.00 8   ک ع ب ے B-395168 12/03/2020 1 150.00 Urdu Bks
    Dewey Decimal Classification     Fiction Karol Bagh Karol Bagh 23/07/2010 EPH /3406 / 31.03.10 / 4:5 / 25.03.10 / 31.03.10 150.00     ک ع ب ے B-395170 23/07/2010 1 150.00 Urdu Bks
    Dewey Decimal Classification     Fiction Patel Nagar Patel Nagar 23/07/2010 EPH /3406 / 31.03.10 / 4:5 / 25.03.10 / 31.03.10 150.00     ک ع ب ے B-395167 23/07/2010 1 15.00 Urdu Bks
  Written-off vide DLB M. No. 383 dt 16.05.19 Dewey Decimal Classification     Fiction R.C.Libraries (BL-IV) R.C.Libraries (BL-IV) 23/07/2010 EPH /3406 / 31.03.10 / 4:5 / 25.03.10 / 31.03.10 150.00     ک ع ب ے B-395172 23/07/2010 1 150.00 Urdu Bks
    Dewey Decimal Classification     Fiction Shahdara Branch Shahdara Branch 23/07/2010 EPH /3406 / 31.03.10 / 4:5 / 25.03.10 / 31.03.10 150.00     ک ع ب ے B-395171 23/07/2010 1 150.00 Urdu Bks
    Dewey Decimal Classification     Fiction Sriniwas Puri Sriniwas Puri 23/07/2010 EPH /3406 / 31.03.10 / 4:5 / 25.03.10 / 31.03.10 150.00     ک ع ب ے B-395169 23/07/2010 1 150.00 Urdu Bks

© Delhi Public Library
Hit Counter
free hit counter